Les talents des pokémon de la 4G (facile) - Statistiques

Statistiques générales
  • Ce quiz a été pris 11 fois
  • Le résultat moyen est 114 sur 244
Statistiques - réponses
Pokémon Talent % Correct
Boskara | Torterra | Tortipouss Engrais
100%
Chimpenfeu | Ouisticram | Simiabraz Brasier
89%
Archéodong | Archéomire | Crefadet | +8 others Lévitation
89%
Babimanta Absorb-Eau
78%
Heatran | Maganon Corps Ardent
78%
Regigigas Début Calme
78%
Bastiodon | Dinoclier | Magnézone | +2 others Fermeté
78%
Etouraptor | Etourvol | Lixy | +2 others Intimidation
78%
Apireine | Dialga | Dimoret | +4 others Pression
78%
Pingoléon | Prinplouf | Tiplouf Torrent
78%
Blizzaroi | Blizzi Alerte Neige
67%
Baudrive | Grodrive | Moufflair | Moufouette Boom Final
67%
Bouldeneu | Ceribou | Phyllali Chlorophylle
67%
Castorno | Keunotor Lunatique
67%
Magnézone | Tarinorme Magnépiège
67%
Carchacrok | Carmache | Griknot Peau Dure
67%
Scorvol Soin Poison
67%
Heatran Torche
67%
Yanmega Turbo
67%
Carchacrok | Carmache | Griknot | Scorvol Voile Sable
67%
Porygon Z Adaptabilité
56%
Momartik Corps Maudit
56%
Hippodocus | Hippopotas | Sancoki | +2 others Force Sable
56%
Babimanta | Ecayon | Lumineon | +2 others Glissade
56%
Chaffreux | Goinfrex | Mammochon Isograisse
56%
Ecayon | Lumineon | Sancoki | Tritosor Lavabo
56%
Arceus Multitype
56%
Chimpenfeu | Ouisticram | Simiabraz Poing de Fer
56%
Roserade | Rozbouton Point Poison
56%
Bouldeneu Régé-Force
56%
Hippodocus | Hippopotas Sable Volant
56%
Shaymin | Togekiss Sérénité
56%
Capidextre | Melokrik | Mime Jr. Technicien
56%
Manzaï Tête de Roc
56%
Pachirisu Absorbe-Volt
44%
Lucario | Riolu Attention
44%
Pingoléon | Prinplouf | Tiplouf Battant
44%
Coudlangue | Mammochon Benêt
44%
Charkos | Kranidos Brise Moule
44%
Givrali Corps Gel
44%
Lixy | Luxio | Luxray Cran
44%
Cheniselle | Cheniti Envelocape
44%
Riolu Farceur
44%
Crikzik | Laporeille | Pachirisu Fuite
44%
Scorvol Hyper Cutter
44%
Papilord | Yanmega Lentiteintée
44%
Laporeille | Lockpin Maladresse
44%
Darkrai Mauvais Rêve
44%
Elekable Motorisé
44%
Rhinastoc Paratonnerre
44%
Coatox | Cradopaud Peau Sèche
44%
Dimoret Pickpocket
44%
Pijako Pieds Confus
44%
Baudrive | Grodrive Râge Brulure
44%
Chaglam | Drascore | Etourmi | +4 others Regard Vif
44%
Porygon Z Télécharge
44%
Dialga | Giratina | Palkia Télépathe
44%
Chaffreux Acharné
33%
Apitrini | Togekiss Agitation
33%
Magnézone | Porygon Z Analyste
33%
Corboss | Togekiss Chanceux
33%
Apitrini Cherche Miel
33%
Gallame | Lucario Coeur Noble
33%
Boskara | Torterra | Tortipouss Coque Armure
33%
Baudrive | Grodrive Délestage
33%
Ceriflor Don Floral
33%
Elekable | Maganon Esprit Vital
33%
Melokrik | Papilord Essaim
33%
Bouldeneu | Phyllali | Roserade | Rozbouton Feuille Garde
33%
Noctunoir | Yanmega Fouille
33%
Goinfrex Gloutonnerie
33%
Manaphy | Phione Hydratation
33%
Babimanta | Ecayon | Lumineon | +2 others Ignifu-Voile
33%
Corboss Impudence
33%
Gallame Incisif
33%
Castorno | Keunotor Inconscient
33%
Roserade | Rozbouton | Shaymin Médic Nature
33%
Capidextre | Goinfrex | Pachirisu Ramassage
33%
Blizzaroi | Blizzi | Givrali | +2 others Rideau Neige
33%
Charkos | Kranidos Sans Limite
33%
Rhinastoc Solide Roc
33%
Etouraptor | Etourmi | Etourvol | Rhinastoc Téméraire
33%
Chaffreux | Chaglam | Coudlangue Tempo Perso
33%
Coatox | Cradopaud Toxitouche
33%
Drascore | Rapion Armurbaston
22%
Pijako Coeur de Coq
22%
Sancoki | Tritosor Glue
22%
Archéodong | Archéomire Heavy Metal
22%
Corboss Insomnia
22%
Lockpin Joli Sourire
22%
Cheniti | Crikzik Mue
22%
Capidextre Multi-Coups
22%
Manzaï Phobique
22%
Moufflair | Moufouette Puanteur
22%
Castorno | Keunotor Simple
22%
Apireine Tension
22%
Archéodong | Archéomire | Bastiodon | +2 others Anti-Bruit
11%
Cheniselle | Coatox | Cradopaud Anticipation
11%
Coudlangue Ciel Gris
11%
Gallame | Lucario | Riolu Impassible
11%
Spiritomb Infiltration
11%
Lixy | Luxio | Luxray Rivalité
11%
Chaglam | Laporeille | Lockpin Echauffement
0%
Mime Jr. Filtre
0%
Drascore | Rapion Sniper
0%
Aucun quiz correspondant
Distribution des résultats
% des personnes avec chaque résultat
Percentile par nombre de réponses
Votre historique - résultats
Vous n’avez pas pris ce quiz